<?xml version="1.0" encoding="UTF-8"?>
<record
    xmlns:xsi="http://www.w3.org/2001/XMLSchema-instance"
    xsi:schemaLocation="http://www.loc.gov/MARC21/slim http://www.loc.gov/standards/marcxml/schema/MARC21slim.xsd"
    xmlns="http://www.loc.gov/MARC21/slim">

  <leader>00768nam a2200205Ia 4500</leader>
  <controlfield tag="003">OSt</controlfield>
  <controlfield tag="005">20260508161518.0</controlfield>
  <controlfield tag="008">210210b1992   xxu||||| |||| 00| 0 eng d</controlfield>
  <datafield tag="040" ind1=" " ind2=" ">
    <subfield code="c">AL</subfield>
  </datafield>
  <datafield tag="041" ind1=" " ind2=" ">
    <subfield code="a">Kannada</subfield>
  </datafield>
  <datafield tag="082" ind1=" " ind2=" ">
    <subfield code="a">646.7K  PRAS</subfield>
  </datafield>
  <datafield tag="100" ind1=" " ind2=" ">
    <subfield code="a">PRAJAVANI.</subfield>
    <subfield code="d">&#xCAA;&#xCCD;&#xCB0;&#xC9C;&#xCBE;&#xCB5;&#xCBE;&#xCA3;&#xCBF;</subfield>
    <subfield code="9">263684</subfield>
  </datafield>
  <datafield tag="245" ind1=" " ind2=" ">
    <subfield code="a">Saundarya margadarshi mane parisara sva udyoga suchi eleyare buddhige kasarattu.</subfield>
    <subfield code="b">&#xCB8;&#xCCC;&#xC82;&#xCA6;&#xCB0;&#xCCD;&#xCAF; &#xCAE;&#xCBE;&#xCB0;&#xCCD;&#xC97;&#xCA6;&#xCB0;&#xCCD;&#xCB6;&#xCBF; &#xCAE;&#xCA8;&#xCC6; &#xCAA;&#xCB0;&#xCBF;&#xCB8;&#xCB0; &#xCB8;&#xCCD;&#xCB5; &#xC89;&#xCA6;&#xCCD;&#xCAF;&#xCCB;&#xC97; &#xCB8;&#xCC2;&#xC9A;&#xCBF; &#xC8E;&#xCB3;&#xCC6;&#xCAF;&#xCB0;&#xCC6; &#xCAC;&#xCC1;&#xCA6;&#xCCD;&#xCA7;&#xCBF;&#xC97;&#xCC6; &#xC95;&#xCB8;&#xCB0;&#xCA4;&#xCCD;&#xCA4;&#xCC1;. </subfield>
  </datafield>
  <datafield tag="260" ind1=" " ind2=" ">
    <subfield code="a">Bangalore</subfield>
    <subfield code="b">Deccan Herald press</subfield>
    <subfield code="c">1992</subfield>
  </datafield>
  <datafield tag="300" ind1=" " ind2=" ">
    <subfield code="a">130</subfield>
  </datafield>
  <datafield tag="650" ind1=" " ind2=" ">
    <subfield code="a">Saundarya</subfield>
    <subfield code="9">263685</subfield>
  </datafield>
  <datafield tag="690" ind1=" " ind2=" ">
    <subfield code="a">Home Economics</subfield>
    <subfield code="9">263686</subfield>
  </datafield>
  <datafield tag="906" ind1=" " ind2=" ">
    <subfield code="a">047187</subfield>
  </datafield>
  <datafield tag="942" ind1=" " ind2=" ">
    <subfield code="2">ddc</subfield>
    <subfield code="c">BK</subfield>
  </datafield>
  <datafield tag="999" ind1=" " ind2=" ">
    <subfield code="c">96510</subfield>
    <subfield code="d">96510</subfield>
  </datafield>
  <datafield tag="952" ind1=" " ind2=" ">
    <subfield code="0">0</subfield>
    <subfield code="1">0</subfield>
    <subfield code="2">ddc</subfield>
    <subfield code="4">0</subfield>
    <subfield code="7">0</subfield>
    <subfield code="8">GEN</subfield>
    <subfield code="a">AL</subfield>
    <subfield code="b">AL</subfield>
    <subfield code="c">Home Science</subfield>
    <subfield code="d">2021-02-17</subfield>
    <subfield code="g">0.00</subfield>
    <subfield code="l">0</subfield>
    <subfield code="o">646.7K  PRAS</subfield>
    <subfield code="p">047187</subfield>
    <subfield code="r">2021-02-17 00:00:00</subfield>
    <subfield code="w">2021-02-17</subfield>
    <subfield code="y">BK</subfield>
  </datafield>
</record>
